| 000 | 00511nam a2200133Ia 4500 | ||
|---|---|---|---|
| 008 | 220620s9999||||xx |||||||||||||| ||und|| | ||
| 020 | _a9782890000000 | ||
| 245 | 4 | _aThe Role of Immediate Early Genes in Neuropsychiatric Illness | |
| 546 | _aEnglish[eng] | ||
| 650 | _aimmediate early gene||mental disorder||environment||stress||memory | ||
| 700 | _aGallitano, Amelia L. | ||
| 856 | _uhttps://www.frontiersin.org/research-topics/4906/the-role-of-immediate-early-genes-in-neuropsychiatric-illness | ||
| 942 | _cEB | ||
| 999 |
_c32732 _d32732 |
||